A treatise on international criminal law / 2 Jurisdiction and cooperation
| Tipo de documento: | Print Libro |
|---|---|
| Lenguaje: | Inglés |
| Publicado: |
Springfield, Ill.
Thomas
1973
|
| En: |
A treatise on international criminal law
Año: 1973 |
| Disponibilidad en Tübingen: | Disponible en Tübingen. UB: KB 2 A 801-2 |
| Verificar disponibilidad: | HBZ Gateway |
| Servicio de pedido Subito: | Pedir ahora. |
MARC
| LEADER | 00000cam a2200000 cc4500 | ||
|---|---|---|---|
| 001 | 1094861693 | ||
| 003 | DE-627 | ||
| 005 | 20230713204409.0 | ||
| 007 | tu | ||
| 008 | 910717s1973 xx ||||| 00| ||eng c | ||
| 020 | |a 0398025738 |9 0-398-02573-8 | ||
| 035 | |a (DE-627)1094861693 | ||
| 035 | |a (DE-576)024861693 | ||
| 035 | |a (DE-599)BSZ024861693 | ||
| 035 | |a (OCoLC)256467286 | ||
| 040 | |a DE-627 |b ger |c DE-627 |e rakwb | ||
| 041 | |a eng | ||
| 084 | |a PR 2210 |2 rvk |0 (DE-625)rvk/139529: | ||
| 245 | 0 | 2 | |a A treatise on international criminal law |n 2 |p Jurisdiction and cooperation |c comp. and ed. by M. Cherif Bassiouni ... |
| 264 | 1 | |a Springfield, Ill. |b Thomas |c 1973 | |
| 300 | |a XIX, 426 S. | ||
| 336 | |a Text |b txt |2 rdacontent | ||
| 337 | |a ohne Hilfsmittel zu benutzen |b n |2 rdamedia | ||
| 338 | |a Band |b nc |2 rdacarrier | ||
| 773 | 1 | 8 | |a A treatise on international criminal law |w (DE-627)1094861642 |w (DE-576)024861642 |g 2 |q 2 |7 nnam |
| 889 | |w (DE-576)479314233 | ||
| 889 | |w (DE-627)1549314238 | ||
| 936 | r | v | |a PR 2210 |b Staat / Völkerrechtliche Verantwortlichkeit |k Rechtswissenschaft |k Völkerrecht |k Einzelgebiete des Völkerrechts im Frieden |k Staat / Völkerrechtliche Verantwortlichkeit |0 (DE-627)1271239779 |0 (DE-625)rvk/139529: |0 (DE-576)201239779 |
| 951 | |a MV | ||
| ELC | |b 1 | ||
| LOK | |0 000 xxxxxcx a22 zn 4500 | ||
| LOK | |0 001 2167974760 | ||
| LOK | |0 003 DE-627 | ||
| LOK | |0 004 1094861693 | ||
| LOK | |0 005 20020606000000 | ||
| LOK | |0 008 910717||||||||||||||||ger||||||| | ||
| LOK | |0 040 |a DE-21 |c DE-627 |d DE-21 | ||
| LOK | |0 852 |a DE-21 | ||
| LOK | |0 852 1 |c KB 2 A 801-2 |9 00 | ||
| LOK | |0 935 |a krim | ||
| LOK | |0 936ln |a k5.6.1 | ||
| LOK | |0 939 |a 17-07-91 |b l01 | ||
| ORI | |a SA-MARC-krimdoka001.raw | ||
| SIG | |a UB: KB 2 A 801-2 | ||
